| 000 | 00428nam a22001217a 4500 | ||
|---|---|---|---|
| 008 | 220224b |||||||| |||| 00| 0 eng d | ||
| 050 | _aREF SK 601 .M45 1963 | ||
| 100 | _aedited by:Meine,Frankilin J. | ||
| 245 |
_aNelson's encyclopedia unabridged/ _cedited by:Franklin J.Meine |
||
| 260 |
_aNewYork: _bThomas Nelson & sons, _cc1940. |
||
| 300 |
_a247p.: _c24cm |
||
| 942 |
_2lcc _cREF_BOOK _hREF SK 601 .M45 1963 |
||
| 999 |
_c31189 _d31189 |
||